| 000 | 01114nam a2200289 a 4500 | ||
|---|---|---|---|
| 001 | 000015121 | ||
| 005 | 20240521193438.0 | ||
| 008 | 100201s2000 dr r 000 0 spa d | ||
| 020 | _a9993402478 | ||
| 040 |
_aDO-SdBNP _bspa _cBNPHU |
||
| 082 |
_a342 _bR457i |
||
| 100 | 1 |
_aReyes Cerda, Nelson _910169 |
|
| 245 | 1 | 0 |
_aIntroducción al derecho ; _bLecciones de derecho constitucional / _cNelson Reyes Cerda. |
| 246 | 2 | 4 | _bElementos del derecho público principios generales del derecho |
| 260 |
_aSanto Domingo : _b[s.n.], _c2000. |
||
| 300 |
_a237 p. ; _c21 cm. |
||
| 490 | 1 | _aEstudios de derecho constitucional. | |
| 501 | _aPublicado con: Lecciones de derecho constitucional. | ||
| 504 | _aBibliografía : p. 235-237. | ||
| 563 | _aDos obras encuadernadas juntas con paginación continua | ||
| 590 | _aInventariado, 2018/BT | ||
| 650 | 0 |
_aDerecho constitucional _910314 |
|
| 650 | 4 |
_aFilosofía del derecho _91175 |
|
| 700 | 1 | 2 |
_aReyes Cerda, Nelson _tLecciones de derecho constitucional _934216 |
| 830 | 0 |
_aEstudios de derecho constitucional _99304 |
|
| 910 | _aValidado. Control de calidad. MMOLINA | ||
| 999 |
_c14693 _d14693 |
||